Hairspray Lyric Quiz Life is like... - Statistics

General Stats
  • This quiz has been taken 512 times
  • The average score is 8 of 12
Answer Stats
Hint Answer % Correct
Life is like my mother on a diet
93%
Life is rock 'n' roll without a drummer
88%
Life is like the seasons with no summer
81%
Like a door marked do not enter
79%
Life is Doris Day at the Apollo
75%
Like a circle with no center
66%
Life is like a beat that you can't follow
61%
Only ice cream never sundaes
59%
Like a week that's only mondays
53%
Life's like getting my big break and laryngitis
46%
Life's a '45 when you can't buy it
46%
Life is like a prom that won't invite us
22%
No matching quizzes found
Score Distribution
Percent of People with Each Score
Percentile by Number Answered
Your Score History
You have not taken this quiz